000 01747cam a22004454i 4500
003 PE-LiUPU
005 20250731165415.0
008 151130s2007 pe grm 000 0 spa d
035 _a(Sirsi) a155295
040 _aPE-LiUPU
_bspa
_cPE-LiUPU
_erda
099 _aSP 3
_bL91 2007
100 1 _aLozada Guevara, Angélica Teófila
_eautor
245 1 _aEfectos del programa educativo "Manos limpias, niñas y niños felices", en las madres con niños menores de cinco años, de la Urbanización de Canaán, Moyobamba, 2006 /
_cAngélica Teófila Lozada Guevara.
264 0 _c2007.
300 _a162 hojas
_c31 cm
336 _atext
_2rdacontent
337 _aunmediated
_2rdamedia
338 _avolume
_2rdacarrier
502 _aTesis
_b(Mg.) --
_cUniversidad Peruana Unión,
_d2007.
504 _aIncluye referencias
520 3 _aLa presencia de enfermedades diarreicas (EDA) en niños menores de cinco años constituye a nivel mundial una de las principales causas de morbi-mortalidad infantil. Asimismo estudios de investigación confirman que el lavado apropiado de las manos podría prevenir hasta el 48 por ciento de los casos de diarrea.
526 _aSEG44
526 _aSEG26
526 _aP151
526 _aP150
526 _aP149
526 _aP146
526 _aP145
526 _aP126
526 _aP125
526 _aP92
526 _aP75
526 _aP74
526 _aP27
526 _aP15
650 0 4 _aEducación sanitaria
_xCanaán
_xUrbanización [Moyobamba, S.M. (Perú : Provincia)]
596 _a1
942 _2ddc
_cTESIS
999 _aSP 3 L91 2007
_wALPHANUM
_c7973
_iT00985
_lCCODEBUL3
_mBUL
_r1
_sY
_tTESIS
_u2015-11-30
_xPOSGRADO
_PP82
_o.STAFF. Tesis
_d7973
980 _81
_gALBERTO SANCHEZ Responsable de Automatización